| 000 | 01073naa a2200289 c 4500 | ||
|---|---|---|---|
| 001 | 33342 | ||
| 003 | ES-MaCES | ||
| 005 | 20030616134800.0 | ||
| 008 | 030616n2003 xxk t 000 | eng d | ||
| 035 | _aCES20030002484v | ||
| 040 |
_aES-MaCES _bspa _cES-MaCES |
||
| 100 | 1 |
_aHammer, Elisabeth _914441 |
|
| 245 | 1 | 0 |
_aWelfare state policy and informal long-term care givin in Austria _b: old gender divisions and new stratification processes among women _cElisabeth Hammer and August Österle |
| 504 | _aBibliografía: p. 52-53 | ||
| 650 | 4 |
_aAustria _926933 |
|
| 650 | 4 |
_apolítica social _927029 |
|
| 650 | 4 |
_atrabajo no remunerado _929526 |
|
| 650 | 4 |
_amujeres _928657 |
|
| 650 | 4 |
_afamilia _927318 |
|
| 650 | 4 |
_aasistencia a las personas de edad avanzada _927061 |
|
| 653 | 1 | 0 | _aMujer |
| 700 | 1 |
_aÖsterle, August _920123 |
|
| 773 | 0 |
_tJournal of social policy _gvol. 32, part. 1 (Jan. 2003){10620 R. 051314}; p. 38-53 _w(ES-MaCES)25625 _966262 |
|
| 902 | _aART Artículo de revista | ||
| 942 |
_2CES _cAR _h3.3. |
||
| 999 |
_c33342 _d33342 |
||